000 01006nam a22003131i 4500
999 _c393
_d393
001 020767688
003 UkOxU
005 20190809090456.0
008 160613s2016 enk j 000|0|eng|d
015 _aGBB6A5998
_2bnb
016 7 _a017955886
_2Uk
020 _a9781844287635 (pbk.) :
035 _a(Uk)017955886
040 _aStDuBDS
_beng
_erda
_cStDuBDS
_dUk
042 _aukblsr
082 0 4 _a821 ROS
_223
100 1 _aRosen, Michael,
_d1946-
_eauthor.
245 1 0 _aWhat is poetry? :
_bthe essential guide to reading & writing poems /
_cMichael Rosen ; illustrated by Jill Calder.
264 1 _aLondon :
_bWalker Books and Subsidiaries,
_c2016.
300 _a1 volume ; 201 p. ;
_c20 cm
336 _atext
_2rdacontent
337 _aunmediated
_2rdamedia
338 _avolume
_2rdacarrier
500 _aFormerly CIP.
_5Uk
650 0 _aPoetry
_xHistory and criticism
_vJuvenile literature.
700 1 _aCalder, Jill,
_eillustrator.
942 _2ddc
_cNFIC